Martin Luther and the reformation (Record no. 5231)

MARC details
000 -LEADER
fixed length control field 00466nam a22001817a 4500
003 - CONTROL NUMBER IDENTIFIER
control field GBCCL
005 - DATE AND TIME OF LATEST TRANSACTION
control field 20241126110536.0
008 - FIXED-LENGTH DATA ELEMENTS--GENERAL INFORMATION
fixed length control field 180306b ||||| |||| 00| 0 eng d
040 ## - CATALOGING SOURCE
Transcribing agency GBC
082 ## - DEWEY DECIMAL CLASSIFICATION NUMBER
Classification number 284.1092
Item number LUT
100 ## - MAIN ENTRY--PERSONAL NAME
Personal name Thomas, C.T.
9 (RLIN) 9438
245 ## - TITLE STATEMENT
Title Martin Luther and the reformation
260 ## - PUBLICATION, DISTRIBUTION, ETC.
Name of publisher, distributor, etc. ISPCK,
Place of publication, distribution, etc. Delhi :
Date of publication, distribution, etc. 2012.
300 ## - PHYSICAL DESCRIPTION
Extent 117p. ;
600 ## - SUBJECT ADDED ENTRY--PERSONAL NAME
Personal name Luther, Martin,
Dates associated with a name 1483-1546
9 (RLIN) 3327
650 ## - SUBJECT ADDED ENTRY--TOPICAL TERM
Topical term or geographic name entry element Reformation.
9 (RLIN) 660
942 ## - ADDED ENTRY ELEMENTS (KOHA)
Source of classification or shelving scheme Dewey Decimal Classification
Koha item type Books
Koha issues (borrowed), all copies 2
Holdings
Withdrawn status Lost status Source of classification or shelving scheme Damaged status Not for loan Home library Current Library Shelving location Date acquired Total checkouts Full call number Barcode Date last seen Date last checked out Copy number Price effective from Koha item type
    Dewey Decimal Classification     GRACE BIBLE COLLEGE GRACE BIBLE COLLEGE Church History 2018-03-06 3 284.1092 LUT 013158 2026-02-12 2026-02-11 c.1 2018-03-06 Books
© Grace Bible College Library 2025